| 000 | 02641nam a22003497a 4500 | ||
|---|---|---|---|
| 005 | 20240814175144.0 | ||
| 008 | s2531 th tha d | ||
| 040 | _aNALT | ||
| 041 | _atha | ||
| 100 | 0 | _aพลประสิทธิ์ ฤทธิ์รักษา | |
| 245 | 1 | 0 | _aรวมกฎหมายวิธีพิจารณาความ ฉบับแก้ไขเพิ่มเติมใหม่ [2531] |
| 260 | 3 |
_aกรุงเทพฯ : _bนครหลวง, _c2531 |
|
| 300 |
_a1 เล่ม : _b ตาราง ; _c 19 ซม. |
||
| 650 | 0 | 4 | _aจัดตั้งศาลแขวงและวิธีพิจารณาความอาญาในศาลแขวง (พ.ร.บ.) -- 2499 |
| 650 | 0 | 4 | _aจัดตั้งศาลแขวงและวิธีพิจารณาความอาญาในศาลแขวง (พ.ร.บ.) -- ฉบับที่ 2 -- 2503 |
| 650 | 0 | 4 | _aจัดตั้งศาลแขวงและวิธีพิจารณาความอาญาในศาลแขวง (พ.ร.บ.) -- ฉบับที่ 3 -- 2517 |
| 650 | 0 | 4 | _aประมวลกฎหมายวิธีพิจารณาความอาญา (พ.ร.บ.) -- 2477 |
| 650 | 0 | 4 | _aประมวลกฎหมายวิธีพิจารณาความอาญา (พ.ร.บ.) -- ฉบับที่ 16 -- 2529 |
| 650 | 0 | 4 | _aประมวลกฎหมายวิธีพิจารณาความแพ่ง (พ.ร.บ.) -- 2477 |
| 650 | 0 | 4 | _aประมวลกฎหมายวิธีพิจารณาความแพ่ง (พ.ร.บ.) -- ฉบับที่ 9--10 -- 2477 |
| 650 | 0 | 4 | _aพระธรรมนูญศาลยุติธรรม |
| 650 | 0 | 4 | _aพระธรรมนูญศาลยุติธรรม (พ.ร.บ.) -- ฉบับที่ 10 -- 2527 |
| 650 | 0 | 4 | _aล้มละลาย -- กฎหมายและระเบียบข้อบังคับ |
| 650 | 0 | 4 | _aล้มละลาย (พ.ร.บ.) -- 2483 |
| 650 | 0 | 4 | _aวิธีพิจารณาความอาญา |
| 650 | 0 | 4 | _aให้นำวิธีพิจารณาความอาญาในศาลแขวงมาใช้บังคับในศาลจังหวัด (พ.ร.บ.) -- 2520 |
| 700 | 0 | _aพลประสิทธิ์ ฤทธิ์รักษา | |
| 850 | _aNALT | ||
| 942 |
_cLB _2lcc |
||
| 999 |
_c18198 _d18198 |
||
| 998 |
_j25 _k นีลวัสน์ อินทรักษา |
||
| 090 | _aKT22 พ441ร 2531 | ||